000
00257nam a2200109Ia 4500
008
220204s9999 xx 000 0 und d
082
_a
82-3
_b
DIC
100
_a
Dickens, Charles
245
0
_a
David Copperfield
260
_a
Delhi
_b
S Chand
_c
1978
942
_c
BK
999
_c
35527
_d
35527